Official records series of the Organization of American States: (Record no. 51468)
[ view plain ]
| 000 -LEADER | |
|---|---|
| fixed length control field | 00891cam a2200217 4500 |
| 001 - CONTROL NUMBER | |
| control field | pa 61000041 |
| 003 - CONTROL NUMBER IDENTIFIER | |
| control field | DLC |
| 005 - DATE AND TIME OF LATEST TRANSACTION | |
| control field | 20260227111855.0 |
| 008 - FIXED-LENGTH DATA ELEMENTS--GENERAL INFORMATION | |
| fixed length control field | 700826s1961 dcu 00000 eng c |
| 010 ## - LIBRARY OF CONGRESS CONTROL NUMBER | |
| LC control number | pa 61000041 //r852 |
| 040 ## - CATALOGING SOURCE | |
| Original cataloging agency | Pan American Union. Library |
| 050 0# - LIBRARY OF CONGRESS CALL NUMBER | |
| Classification number | F1405.5 1959 |
| Item number | .O7 OEA/Ser.Y/I.1-2 |
| Classification number | F1402 |
| 110 20 - MAIN ENTRY--CORPORATE NAME | |
| Corporate name or jurisdiction name as entry element | Pan American Union. |
| Subordinate unit | Office of Council and Conference Secretariat Services. |
| -- | Official Records Section. |
| 245 00 - TITLE STATEMENT | |
| Title | Official records series of the Organization of American States: |
| Remainder of title | guide, outline, and expanded tables. |
| 260 0# - PUBLICATION, DISTRIBUTION, ETC. | |
| Place of publication, distribution, etc. | Washington, |
| Name of publisher, distributor, etc. | Pan American Union, |
| Date of publication, distribution, etc. | 1961. |
| 300 ## - PHYSICAL DESCRIPTION | |
| Extent | v, 68 p. |
| Dimensions | 28 cm. |
| 490 1# - SERIES STATEMENT | |
| Series statement | OAS official records ; |
| Volume/sequential designation | OEA/Ser.Y/I.1-2, Rev., OAS/Ser.Y/I.3 |
| 630 00 - SUBJECT ADDED ENTRY--UNIFORM TITLE | |
| Uniform title | OAS official records. |
| 710 21 - ADDED ENTRY--CORPORATE NAME | |
| Corporate name or jurisdiction name as entry element | Organization of American States. |
| Title of a work | Official records. |
| 830 #0 - SERIES ADDED ENTRY--UNIFORM TITLE | |
| Uniform title | OAS official records ; |
| Volume/sequential designation | OEA/Ser.Y/I.1-2, Rev., etc. |
No items available.